| 000 | 00794nam a2200241 i 4500 | ||
|---|---|---|---|
| 003 | DO-SdBNP | ||
| 005 | 20240325135237.0 | ||
| 007 | ta | ||
| 008 | 240325b2023 dr a|||| |||| 00| 0 spa d | ||
| 040 |
_aDO-SdBNP _bspa _cBNPHU _erda |
||
| 082 | 4 |
_222 _bC175 |
|
| 100 | _956338 | ||
| 245 | 1 | 0 |
_aCambio climatico, energía y medioambiente : _bmedio ambiente en su laberentido, entre el tribunal constitucional dominicano y el acuerdo de Escazú / _cPedro J. Castellanos Hernández |
| 264 |
_aSanto Domingo : _bFriedrich Ebert Stiftung, _c2023. |
||
| 300 |
_a54 páginas ; _c32 cm. |
||
| 336 |
_2rdacontent _atexto _btxt |
||
| 337 |
_2rdamedia _asin mediación _bn |
||
| 338 |
_2rdacarrier _avolumen _bnc |
||
| 590 | _aInventariado, 2024/DG | ||
| 700 | _985047 | ||
| 910 | _aDG | ||
| 942 |
_2ddc _cLBS1 |
||
| 999 |
_c56196 _d56196 |
||